[Event "London Classic Open 2017"]
[Site "London ENG"]
[Date "2017.12.09"]
[Round "9.114"]
[White "Chatterjee, Sagnik"]
[Black "Shepherd, Katherine M"]
[Result "1/2-1/2"]
[WhiteElo "1336"]
[BlackElo "1929"]
[WhiteFideId "64300455"]
[BlackFideId "412031"]
[EventDate "2017.12.02"]

1. c4 c6 2. d4 d5 3. cxd5 cxd5 4. Nc3 Nc6 5. Bf4 Nf6 6. e3 Bf5 7. Qb3 Qb6 8.
Qxb6 axb6 9. Bb5 Bd7 10. a3 Nb4 11. Ke2 Ne4 12. Bxd7+ Kxd7 13. Nf3 Nxc3+ 14.
bxc3 Nc6 15. Rhb1 Ra6 16. Rb3 e6 17. Rab1 Bxa3 18. Rxb6 Rxb6 19. Rxb6 Kc8 20.
Ne5 Nxe5 21. Bxe5 Rg8 22. Rb1 Be7 23. Kd3 f6 24. Bg3 Bd8 25. c4 dxc4+ 26. Kxc4
Bc7 27. Bxc7 Kxc7 28. Kc5 Ra8 29. Rb2 Ra5+ 30. Kc4 Kc6 31. h4 Ra4+ 32. Kc3 Ra1
33. Rc2 Kb6 34. Rb2+ Kc6 35. Rc2 Rf1 36. Kd3+ Kd6 37. Rb2 Kc6 38. Rc2+ Kd6 39.
Rb2 b5 40. Ke2 Rg1 41. Rxb5 Rxg2 42. Kf3 Rg1 43. e4 1/2-1/2

[Event "London Classic Open 2017"]
[Site "London ENG"]
[Date "2017.12.09"]
[Round "9.117"]
[White "Cheung, Ryan"]
[Black "Lie, Terje"]
[Result "1-0"]
[WhiteElo "1610"]
[BlackElo "1527"]
[WhiteFideId "1804995"]
[BlackFideId "1504916"]
[EventDate "2017.12.02"]

1. e4 g6 2. d4 d6 3. c4 Nf6 4. Nc3 Bg7 5. Nf3 Bg4 6. Be2 O-O 7. O-O c5 8. d5
Nbd7 9. Nd2 Bxe2 10. Qxe2 Nb6 11. f4 Nfd7 12. Nf3 e5 13. f5 Nf6 14. b3 Qd7 15.
fxg6 fxg6 16. Ng5 Nh5 17. Rxf8+ Rxf8 18. Ne6 Rf7 19. Nxg7 Kxg7 20. Be3 Nf4 21.
Qd2 Qg4 22. Bxf4 Rxf4 23. Rf1 g5 24. Rxf4 gxf4 25. Qf2 Nc8 26. Qf3 Qh4 27. Qf2
Qh6 28. Qf3 Qg6 29. g3 h5 30. Kf2 fxg3+ 31. Qxg3 a6 32. Nd1 Kh6 33. Nc3 Qf6+ 34.
Qf3 Qh4+ 35. Qg3 Qf4+ 36. Qxf4+ exf4 37. h4 Ne7 38. Kf3 Ng6 39. Ne2 Nxh4+ 40.
Kxf4 Kg6 41. e5 Nf5 42. exd6 Kf6 43. d7 Ke7 44. d8=Q+ Kxd8 45. Kxf5 Kd7 46. Kg5
b5 47. Kxh5 Kd6 48. Kg5 Ke5 49. Kg6 a5 50. Kf7 Kd6 51. Nc3 bxc4 52. bxc4 Kd7 53.
a4 Kd6 54. Ne4+ 1-0

[Event "London Classic Open 2017"]
[Site "London ENG"]
[Date "2017.12.09"]
[Round "9.118"]
[White "Ainsworth, George"]
[Black "Othman, Wael"]
[Result "1-0"]
[WhiteElo "1734"]
[BlackElo "1343"]
[WhiteFideId "449636"]
[BlackFideId "10302158"]
[EventDate "2017.12.02"]

1. e4 d6 2. d4 g6 3. Nc3 Bg7 4. f4 Nf6 5. Nf3 O-O 6. e5 Nfd7 7. Ne4 d5 8. Neg5
e6 9. h4 h6 10. h5 Nb6 11. hxg6 fxg6 12. Bd3 Re8 13. Bxg6 Re7 14. Nh7 N8d7 15.
g4 Nf8 16. Nxf8 Bxf8 17. f5 exf5 18. gxf5 Nd7 19. Bxh6 Bxh6 20. Rxh6 Nf8 21. Qd2
Nxg6 22. Rxg6+ Rg7 23. Qh6 Rxg6 24. Qxg6+ Kf8 25. O-O-O Qe7 26. Rh1 Qg7 27. Qh5
b5 28. f6 Qg8 29. Rg1 Qxg1+ 30. Nxg1 Be6 31. Qh8+ Bg8 32. Qg7+ 1-0

[Event "London Classic Open 2017"]
[Site "London ENG"]
[Date "2017.12.09"]
[Round "9.119"]
[White "Hung, Dylan"]
[Black "Munkhdemberel, Pagamdulam"]
[Result "1-0"]
[WhiteElo "1400"]
[BlackElo "1175"]
[WhiteFideId "426423"]
[BlackFideId "4907043"]
[EventDate "2017.12.02"]

1. c4 e5 2. g3 Nf6 3. Bg2 Bc5 4. Nc3 d6 5. Nf3 Nc6 6. O-O Bd7 7. a3 a6 8. e3 O-O
9. d4 exd4 10. exd4 Bb6 11. b4 Bg4 12. c5 Ba7 13. Be3 h6 14. Qb3 d5 15. a4 Be6
16. Nd2 b6 17. b5 Na5 18. Qb4 Nc4 19. Nxc4 dxc4 20. Bxa8 Qxa8 21. c6 Qe8 22. Bf4
a5 23. Qa3 Bb8 24. Rfe1 Qc8 25. f3 Rd8 26. Rad1 Nd5 27. Nxd5 Bxd5 28. Re7 Be6
29. Qe3 Kh7 30. g4 Bxg4 31. Rxf7 Re8 32. Be5 Rg8 33. Qe4+ Kh8 34. Qg6 Qe6 35.
Bxg7+ 1-0